000 00433nam a2200157 a 4500
001 000035841
005 20200930074645.0
008 111115s1955 cl 000 0 spa d
040 _aDO-SdBNP
_bspa
_cBNPHU
082 _axxxx
_bL431
245 0 3 _aEl lazarillo de tormes.
260 _aSantiago de Chile :
_bZig-Zag,
_c1955.
300 _a96 p. ;
_c17 cm.
490 1 _aBiblioteca Zig-zag
_v78
830 0 _aBiblioteca Zig-zag
_n78
_961815
999 _c35332
_d35332